| 000 | 00427nam a22001337a 4500 | ||
|---|---|---|---|
| 008 | 230606b xxu||||| |||| 00| 0 eng d | ||
| 020 | _a9789966156402 | ||
| 082 |
_a364.131 _bMAI |
||
| 245 |
_aThe Invisible Violence In Kenya _bA Case Study Of Rift Valley And Western Regions _cKonrad Adenauer-Stiftung |
||
| 260 |
_aNairobi _bKonrad Adenauer-Stiftung _c2011 |
||
| 300 | _a85p | ||
| 710 | _bKonrad Adenauer-Stiftung | ||
| 942 |
_2ddc _cBK |
||
| 999 |
_c710 _d710 |
||